Statistics for Famous People from Rhode Island

Click here to take the quiz!

General Stats

  • This quiz has been taken 372 times
  • The average score is 2 of 5

Answer Stats

ClueHometownAnswer% Correct
Founder of Rhode Island colonyProvidenceRoger Williams
69%
Actor who is the namesake of the high school in "Family Guy"WarwickJames Woods
52%
Winner of the first season of "Survivor"NewportRichard Hatch
34%
Religious dissenter who founded Plymouth when she was
kicked out of Boston
PlymouthAnne Hutchinson
28%
American painter known for an unfinished portrait of George WashingtonNewportGilbert Stuart
26%

Score Distribution

Percentile by Number Answered

Percent of People with Each Score

Your Score History

You have not taken this quiz